000 00456nam a2200157 i 4500
001 62777
003 ES-MaACL
005 20230906164727.0
007 t|
008 031125s1970 sp ||||1| spa d
100 1 _aFernández Maside, Antonio.
_949918
245 1 3 _aLa Giralda cree en Dios /
_cAntonio F. Maside.
260 _aSevilla :
_b[Ed. Católica Española],
_c1970.
300 _a322 p., 21 lám. ;
_c19 cm.
852 _aES-MaACL
_jC-44871
_bR.72545
999 _c62777
_d62777